Növeljük a szakszervezetek gazdaságszervező tevékenységét az SZMT elnökségének üléséről
Elmentve itt :
| Dokumentumtípus: | Cikk |
|---|---|
| Megjelent: |
1964-08-19
|
| Sorozat: | Délmagyarország
54 No. 194 |
| Kulcsszavak: | Szakszervezeti mozgalom 1964, szakszervezetek |
| Online Access: | http://dmarchiv.bibl.u-szeged.hu/71815 |
| LEADER | 00506nab a2200145 i 4500 | ||
|---|---|---|---|
| 001 | delm71815 | ||
| 005 | 20180928082420.0 | ||
| 008 | 180928s1964 hu o 0|| hun d | ||
| 040 | |a SZTE Délmagyarország Archívum |b hun | ||
| 041 | |a hun | ||
| 245 | 0 | 0 | |a Növeljük a szakszervezetek gazdaságszervező tevékenységét |h [elektronikus dokumentum] : |b az SZMT elnökségének üléséről |
| 260 | |c 1964-08-19 | ||
| 300 | |a 3 | ||
| 490 | 0 | |a Délmagyarország |v 54 No. 194 | |
| 695 | |a Szakszervezeti mozgalom 1964, szakszervezetek | ||